Home at last: (Record no. 156558)

MARC details
000 -LEADER
fixed length control field 00708nam a22002057a 4500
005 - DATE AND TIME OF LATEST TRANSACTION
control field 20180830101954.0
010 ## - LCCN (DPL NO)
LC control number ENG-123892
020 ## - INTERNATIONAL STANDARD BOOK NUMBER
Terms of availability 399.00
International Standard Book Number 9788183226608
035 ## - SYSTEM CONTROL NUMBER
System control number EN-107424
037 ## - SOURCE OF ACQUISITION
Source of stock number/acquisition DBAD/PUB
082 ## - DEWEY DECIMAL CLASSIFICATION NUMBER
Classification number 230.68
100 ## - MAIN ENTRY--PERSONAL NAME
Personal name Chiruvolu, Sarada
245 ## - TITLE STATEMENT
Title Home at last:
Statement of responsibility, etc by Sarada Chiruvolu; forwarded by Amma Karunamayi
Remainder of title a journey to higher consciousness /
260 ## - PUBLICATION, DISTRIBUTION, ETC. (IMPRINT)
Date of publication, distribution, etc 2017
Place of publication, distribution, etc New Delhi
Name of publisher, distributor, etc Manjul Publishing House (P) Ltd.
270 ## - ADDRESS
Address 7/32, Ansari Road, Daryaganj,
City New Delhi
Postal code 110002
300 ## - PHYSICAL DESCRIPTION
Dimensions 23cm.(pbk.)
Extent xxi,197p.
Other physical details ill.(pictures)
500 ## - GENERAL NOTE
General note It includes endnotes and bibliography
700 ## - ADDED ENTRY--PERSONAL NAME
Personal name Amma Karunamayi
942 ## - ADDED ENTRY ELEMENTS (KOHA)
Item type English Books
Source of classification or shelving scheme Dewey Decimal Classification
Call number suffix CHI
Classification part 230.68
Holdings
Withdrawn status Lost status Not for loan Collection code Home library Current library Date acquired Source of acquisition Cost, normal purchase price Full call number Barcode Copy number Cost, replacement price Koha item type
    Not For Loan Non-fiction D.B.Act.Division Sarojini Nagar 29/08/2018 DBAD/PUB 399.00 230.68 CHI EN-107424 1 399.00 English Books

© Delhi Public Library
Hit Counter
free hit counter